History Quiz

Random History or Politics Quiz

US Congressional Leadership Quiz Stats

 Plays Quiz Updated Jan 24, 2021

Support Sporcle.
Go Orange.
Score 0/11 Timer 03:00
5 Plays Today
Position Member Of Congress % Correct
Speaker of the HouseNancy Pelosi
97.6%
Senate Majority LeaderChuck Schumer
83.9%
Senate Minority LeaderMitch McConnell
79.3%
President of the SenateKamala Harris
77%
House Minority LeaderKevin McCarthy
70.7%
House Majority LeaderSteny Hoyer
57.4%
President pro tempore of the SenatePatrick Leahy
54.8%
Senate Minority WhipJohn Thune
53.6%
House Minority WhipSteve Scalise
48.1%
House Majority WhipJim Clyburn
46.4%
Senate Majority WhipDick Durbin
45.6%

You're not logged in!

Compare scores with friends on all Sporcle quizzes.
OR
Log In

From the Vault

Impressive Possessives

by lukebradford

'The search for truth is more precious than its possession.' --Albert Einstein
Remove Ads.
Support Sporcle.
Get the best of Sporcle when you Go Orange. This ad-free experience offers more features, more stats, and more fun while also helping to support Sporcle. Thank you for becoming a member.

Show Comments

Extras

Top Quizzes Today


Score Distribution

Your Account Isn't Verified!

In order to create a playlist on Sporcle, you need to verify the email address you used during registration. Go to your Sporcle Settings to finish the process.

Report this User

Report this user for behavior that violates our Community Guidelines.

Details: